[Event "BCF-chT4 2223 (4NCL)"]
[Site "England"]
[Date "2023.01.07"]
[Round "3.96"]
[White "Conway, John"]
[Black "Clark, Sophie"]
[Result "0-1"]
[WhiteElo "1642"]
[BlackElo "1300"]
[PlyCount "102"]
[EventDate "2022.11.05"]
[EventType "team-swiss"]
[EventRounds "11"]
[EventCountry "ENG"]
[SourceTitle "EXT 2024"]
[Source "ChessBase"]
[SourceDate "2023.10.10"]
[SourceVersion "1"]
[SourceVersionDate "2023.10.10"]
[SourceQuality "1"]
[WhiteTeam "Coventry"]
[BlackTeam "She Plays To Win Uni"]
[WhiteTeamCountry "ENG"]
[BlackTeamCountry "ENG"]

1. d4 Nf6 2. Nf3 d5 3. Bf4 g6 4. h3 Bg7 5. e3 0-0 6. c4 Nbd7 7. Nc3 c6 8. cxd5 Nxd5 9. Nxd5 cxd5 10. Bd3 Qa5+ 11. Qd2 Qxd2+ 12. Kxd2 Nb6 13. b3 Bf5 14. Rhc1 Bxd3 15. Kxd3 Rac8 16. a4 Nd7 17. Bc7 f6 18. Rab1 e5 19. dxe5 fxe5 20. Ke2 h6 21. b4 e4 22. Nd4 Bxd4 23. exd4 Rf6 24. Bg3 Rfc6 25. Bf4 g5 26. Be3 Nb6 27. a5 Nc4 28. b5 R6c7 29. Bd2 Kf7 30. Bb4 Re8 31. Bc3 Re6 32. Bd2 b6 33. axb6 axb6 34. Be3 Ra7 35. Ra1 Ree7 36. g3 Kf6 37. h4 Rh7 38. hxg5+ hxg5 39. Ra6 Kf5 40. Rca1 Rxa6 41. Rxa6 Rh1 42. Ra8 Rb1 43. Rf8+ Kg4 44. Rg8 Rb2+ 45. Kf1 Nxe3+ 46. fxe3 Rxb5 47. Rf8 Kxg3 48. Rf5 g4 49. Ke1 Kg2 50. Rf2+ Kh3 51. Rf8 g3 0-1

[Event "BCF-chT4S 1819 (4NCL)"]
[Site "England"]
[Date "2019.05.05"]
[Round "10.94"]
[White "Conway, John"]
[Black "Kilcline, Jenny"]
[Result "1-0"]
[WhiteElo "1600"]
[BlackElo "1515"]
[PlyCount "129"]
[EventDate "2018.11.17"]
[EventType "team-swiss"]
[EventRounds "11"]
[EventCountry "ENG"]
[SourceTitle "EXT 2021"]
[Source "ChessBase"]
[SourceDate "2020.10.23"]
[SourceVersion "1"]
[SourceVersionDate "2020.10.23"]
[SourceQuality "1"]
[WhiteTeam "Throw in the Tal"]
[BlackTeam "Rook & Roll"]
[WhiteTeamCountry "ENG"]
[BlackTeamCountry "ENG"]

1. e4 e6 2. d4 d5 3. Bd3 Nf6 4. e5 Nfd7 5. Ne2 c5 6. c3 Nc6 7. Nd2 Be7 8. 0-0 0-0 9. Nf3 f6 10. exf6 Bxf6 11. Nf4 Re8 12. Re1 e5 13. Nxd5 cxd4 14. cxd4 Nb6 15. Nxb6 axb6 16. dxe5 Nxe5 17. Nxe5 Bxe5 18. Be3 Be6 19. Bxh7+ Kxh7 20. Qh5+ Kg8 21. Qxe5 Bxa2 22. Qg3 Bf7 23. Rxa8 Qxa8 24. Rc1 Qa2 25. Bd4 g6 26. Qh4 Kf8 27. Qh8+ Ke7 28. Qf6+ Kd7 29. Bxb6 Qc4 30. Rd1+ Bd5 31. h3 Qe4 32. f3 Qe6 33. Qd4 Kc8 34. Qxd5 Qxb6+ 35. Qd4 Qxd4+ 36. Rxd4 Re6 37. Kf2 Kc7 38. h4 Kc6 39. g4 Kc5 40. Rd2 Kc4 41. Kg3 b5 42. Kf4 b4 43. Kg5 Kb3 44. f4 Rc6 45. f5 gxf5 46. gxf5 Rc2 47. Rxc2 Kxc2 48. f6 Kxb2 49. f7 b3 50. f8Q Ka2 51. Qb4 b2 52. Qxb2+ Kxb2 53. h5 Kc3 54. h6 Kd4 55. h7 Kd5 56. h8Q Ke4 57. Qb8 Kd5 58. Qb5+ Ke4 59. Qc5 Kd3 60. Kf4 Kd2 61. Qc4 Ke1 62. Qc2 Kf1 63. Kg3 Ke1 64. Kf3 Kf1 65. Qc1# 1-0

[Event "ENG-ch Seniors 65"]
[Site "Solihull"]
[Date "2019.04.06"]
[Round "4"]
[White "Graham, Neil"]
[Black "Conway, John"]
[Result "1/2-1/2"]
[WhiteElo "1797"]
[BlackElo "1600"]
[PlyCount "54"]
[EventDate "2019.04.04"]
[EventType "swiss"]
[EventRounds "6"]
[EventCountry "ENG"]
[SourceTitle "CBM 190 Extra"]
[Source "ChessBase"]
[SourceDate "2019.07.15"]
[SourceVersion "1"]
[SourceVersionDate "2019.07.15"]
[SourceQuality "1"]

1. d4 d5 2. e4 dxe4 3. Nc3 Nc6 4. Bb5 Bd7 5. Be3 Nf6 6. f3 a6 7. Bc4 b5 8. Be2 e6 9. Bg5 Be7 10. a3 h6 11. Bh4 Nd5 12. Bxe7 Qxe7 13. g3 e3 14. Qd3 0-0 15. Nd1 b4 16. Nxe3 Nxe3 17. Qxe3 Qf6 18. c3 bxc3 19. bxc3 Rfb8 20. Bd1 Na5 21. Ne2 Nc4 22. Qe4 Nd6 23. Qe3 Bb5 24. 0-0 Bc4 25. Bc2 Bd5 26. Be4 c6 27. Bxd5 exd5 1/2-1/2